| 000 | 00845nam a22002417a 4500 | ||
|---|---|---|---|
| 999 |
_c15745 _d15745 |
||
| 003 | OSt | ||
| 005 | 20201116141211.0 | ||
| 008 | 181213b ||||| |||| 00| 0 eng d | ||
| 022 | _a0730-3084 | ||
| 040 | _c0 | ||
| 082 | _aDPer 613.705 J863 Sept 2015-Apr 2016 v. 86-87 | ||
| 245 |
_aIntrinsic motivation in physical education/ _b _cBenjamin Davies and 5 others. |
||
| 260 |
_aPhiladelphia: _bShape America-Society of Health and Physical Educators, _c©Sept 2015-Apr 2016. |
||
| 300 |
_av86, n8, pages 8-13: _billustrations; _c28 cm. |
||
| 500 | _aJOPERD | ||
| 650 |
_aSchool discipline. _933110 _v |
||
| 700 |
_aNambiar, N. _eAuthor. _942561 |
||
| 700 |
_aHemphill, C. _eAuthor. _942562 |
||
| 700 |
_aDeveitti, E. _eAuthor. _942563 |
||
| 700 |
_aMassengale, A. _eAuthor. _942564 |
||
| 700 |
_aMcCredie, P.k _eAuthor. _942565 |
||
| 942 |
_2ddc _cPER |
||